00000000nam 2200000zi 4500
0019.946584
003CaOODSP
00520250107134051
006m     o  d f      
007cr mn|||||||||
008250107e197912##onc     ob   f000 0 fre d
040 |aCaOODSP|bfre|erda|cCaOODSP
043 |an-cn---
0861 |aId40-11/1979F-PDF
24502|aL'industrie des produits d'hygiène : |bla recherche et le développement au Canada.
2463 |aAnalyse de la recherche et du développement au Canada dans le domaine des produits d'hygiène
264 1|aOttawa, Canada : |bDivision de l'analyse sectorielle, Direction des produits chimiques, Industrie et commerce, |cdécembre 1979.
300 |a1 ressource en ligne (34 pages)
336 |atexte|btxt|2rdacontent/fre
337 |ainformatique|bc|2rdamedia/fre
338 |aressource en ligne|bcr|2rdacarrier/fre
500 |aPublié aussi en anglais sous le titre : The health care products industry: research and development in Canada.
500 |a« Document de référence » -- Coverture.
500 |aÉdition numérisée de l'imprimé [par Innovation, sciences et développement économique Canada].
504 |aComprend des références bibliographiques (pages 33-34).
650 6|aMédicaments|xRecherche|zCanada.
650 6|aMédecine|xAppareils et instruments|xRecherche|zCanada.
650 6|aMédecine|xRecherche|xPolitique gouvernementale|zCanada.
650 6|aMédecine|xRecherche|zCanada|xFinances.
7101 |aCanada. |bIndustrie et commerce. |bDirection des produits chimiques. |bDivision de l'analyse sectorielle, |eorganisme de publication.
77508|tThe health care products industry : |w(CaOODSP)9.938562
85640|qPDF|s913 Ko|uhttps://publications.gc.ca/collections/collection_2025/isde-ised/Id40-11-1979-fra.pdf